Statistics for superstore

Click here to take the quiz!

General Stats

  • This quiz has been taken 225 times
  • The average score is 17 of 23

Answer Stats

HintAnswer% Correct
moved to californiaamy
99%
sleeps with the bossjonah
97%
gay and undocumentedmateo
95%
dating one abovedina
92%
teenage mothercheyenne
90%
in a wheelchairgarrett
89%
married to one abovebo
88%
sturgis and sons ownerglenn
88%
recently marriedsandra
85%
first child of one aboveemma
79%
ex of one aboveadam
77%
cringe gay corperate employeejeff
77%
old employeemyrtle
74%
very positive employee dated jonahkelly
72%
lives with mateomarcus
71%
one above's little brotherparker
70%
tried to kill a catcarol
67%
married to one belowjerusha
67%
her husbandjerry
66%
pretends to get laid alwaysjustine
60%
silent employeebrett
54%
pharmacisttate
42%
got caught snortinglaurie
25%

Score Distribution

Percentile by Number Answered

Percent of People with Each Score

Your Score History

You have not taken this quiz